000 01009nam a2200217Ia 4500
003 GCL
008 140319s9999 xx 000 0 ara d
040 _aGCL /
_cGCL
082 0 4 _aط
_b398.245
_bا ق
100 1 _aابراهيم عزوز
245 1 0 _aقصص من كليلية ودمنة\ ديشليم والملك وبيدبا-الاسد والثور-العلجوم والسرطان-مصرع شتربة-محاكمة دمنة-الحمامة المطوقة-البوم والغربان-القرد والغيلم-السائح والصائغ-ايلاذ وبلاذ وايراخت-الشغبر الناسك-ابن الملك واصحابه /
_cابراهيم عزوز
260 _aالقاهرة :
_bمكتبة مصر ،
_c1989
300 _aمتعدد ؛
_c22 سم
490 _aقصص من كليلة ودمنة
_v0
650 0 4 _aالاطفال
650 0 4 _aالقصص
650 0 4 _aقصص الاطفال
650 0 4 _aالتراث الشعبى
650 0 4 _aكليلة ودمنة
942 _2ddc
_cBK
999 _c57360
_d57360